Contar lo que nos sucede en la escuela : relatos docentes de la experiencia pedagógica /
Guardado en:
| Autor Principal: | |
|---|---|
| Otros Autores: | , , , , , , , , , , , , , , , , , , , , |
| Formato: | Libro |
| Publicado: |
Buenos Aires :
Noveduc,
2017
|
| Materias: | |
| Etiquetas: |
Agregar Etiqueta
Sin Etiquetas, Sea el primero en etiquetar este registro!
|
| LEADER | 02522nam a22004815a 4500 | ||
|---|---|---|---|
| 001 | CEM.cems014817 | ||
| 005 | 20171210025037.0 | ||
| 008 | 130507s2017##################000#0#####d | ||
| 003 | CEMS | ||
| 020 | |a 9789875385511 | ||
| 082 | 0 | 4 | |a 371 |
| 100 | 1 | |a Mateo, Silvia | |
| 245 | 1 | 0 | |a Contar lo que nos sucede en la escuela : |b relatos docentes de la experiencia pedagógica / |c Silvia Mateo ... y Otros; compilado Por Daniel Suárez y Paula Dávila |
| 260 | |a Buenos Aires : |b Noveduc, |c 2017 | ||
| 300 | |a 144 p. | ||
| 505 | 0 | |a Cuando todo segundo año se quedó dormido / Silvia Mateo -- ¿Kien se ha robado mi "Q"? Una experiencia "5ncluir" / Mariana Alaniz -- Alguien sopla / María Depetris -- Entre la murga, el hip hop y la cuchara de albañil ... / Elio Miguel -- El desafío de la poesía en la escuela / Laura Suárez -- La apariencia, un prejuicio que condena ... / Jorge Pedraza -- El latido de una idea / Claudia Sciutto --Memorias de un docente: El "pico seco" -- Gerardo Álvarez -- Marini / Beatriz González -- Patricio / Helga Aquino -- Flores en el desierto / mónica Castro -- Había una vez ... / María Laura Galli -- Un día del maestro muy particular / Silvia Enríquez -- El nombre / Fela Tylbor -- ¡Esto es una fiesta de locos! / Pedro E. Poch Plá -- La vida es eterna en 40 minutos / Melania Moya -- El incidente de la bandera y la caída de las máscaras / Manuel Oñat Parra -- Un pasito y otro pasito ... / Yolanda Zambrano Antonio -- Vida y muerte en la escuela "Altos de la Cruz" / Astrid Elena Cano Zapata -- Los Exploradores del tambó-tambó / Zavil Palacios Campillo | |
| 653 | |a Educación | ||
| 653 | |a Pedagogía | ||
| 653 | |a Experiencia pedagógica | ||
| 653 | |a Relatos | ||
| 653 | |a Formación docente | ||
| 700 | 1 | |a Alaniz, Mariana | |
| 700 | 1 | |a Depetris, María | |
| 700 | 1 | |a Miguel, Elio | |
| 700 | 1 | |a Suárez, Laura | |
| 700 | 1 | |a Pedraza, Jorge | |
| 700 | 1 | |a Sciutto, Claudia | |
| 700 | 1 | |a Álvarez, Gerardo | |
| 700 | 1 | |a González, Beatriz | |
| 700 | 1 | |a Aquino, Helga | |
| 700 | 1 | |a Castro, Mónica | |
| 700 | 1 | |a Galli, María Laura | |
| 700 | 1 | |a Enríquez, Silvia | |
| 700 | 1 | |a Tylbor, Fela | |
| 700 | 1 | |a Pocho Plá, Pedro E. | |
| 700 | 1 | |a Moya, Melania | |
| 700 | 1 | |a Oñat Parra, Manuel | |
| 700 | 1 | |a Zambrano Antonio, Yolanda | |
| 700 | 1 | |a Cano Zapata, Astrid Elena | |
| 700 | 1 | |a Palacios Campillo, Zavil | |
| 700 | 1 | |a Suárez, Daniel; comp. | |
| 700 | 1 | |a Dávila, Paula; comp | |
| 859 | |a CEMS |b BIB. CEMS - 11 de abril |h 371 |i M417 |p 27403.18 |t Ej.1 | ||
